| 000 | 00681nam a22001937a 4500 | ||
|---|---|---|---|
| 999 |
_c176179 _d176179 |
||
| 005 | 20201126155141.0 | ||
| 010 | _aUR-10945 | ||
| 020 |
_c200.00 _a9789390100231 |
||
| 035 | _aU-9500 | ||
| 037 | _bDBAD/PUB | ||
| 082 | _a841 | ||
| 100 | _aند ر ت ہر ی کر شن مہتا ب | ||
| 245 |
_aکلا م ند ر ت _cند ر ت ہر ی کر شن مہتا ب |
||
| 246 |
_bKalam-e-Nudrat (Urdu) _aby Hari krishan Mehtab |
||
| 260 |
_aN.Delhi _bEducational Publishing House _c2020 ء |
||
| 270 |
_aH.O.D1/16,Ansari Road,Darya ganj, _bN.Delhi _e110002 _k45678285,23216162 _l0091-11-23211540 |
||
| 300 |
_a91+92 ص _c22 Cm(Hb) |
||
| 942 |
_2ddc _cUR _h841 _mن د ر |
||